| 000 | 00515nam a2200193Ia 4500 | ||
|---|---|---|---|
| 003 | GCL | ||
| 008 | 140319s9999 xx 000 0 aGer d | ||
| 040 |
_aGCL / _cGCL |
||
| 082 | 0 | 4 |
_a749 _bH A |
| 100 | 1 | _aHELLER, CARL BENNO | |
| 245 | 1 | 0 |
_aART NOUVEAU FURNITURE / _cHELLER, CARL BENNO |
| 260 |
_aالمانيا : _bBERGHAUS - VERLAG GERHARD OBERAUER ، _c1998 |
||
| 300 |
_a32 CM ؛ _c151 P |
||
| 650 | 0 | 4 | _aBEDROOMS |
| 650 | 0 | 4 | _aTABLES |
| 650 | 0 | 4 | _aFURNITURE |
| 650 | 0 | 4 | _aINTERIOR DESIGN |
| 942 |
_2ddc _cBK |
||
| 999 |
_c1403 _d1403 |
||